| LEADER |
01180nam0a2200205 450 |
| 001 |
16830066 |
| 010 |
|
|
|a 979-10-324-0171-2
|b br.
|d 11,95
|
| 100 |
|
|
|a 20180411d2018 u u0frey01 ba
|
| 101 |
0 |
|
|a fre
|
| 102 |
|
|
|a FR
|
| 200 |
0 |
|
|a Journal d'un Noob (guerrier suprême)
|e 6
|
| 207 |
|
1 |
|a
|
| 210 |
|
|
|a PARIS cedex 13
|c 404 Editions
|d 2018
|
| 215 |
|
|
|a 1 vol. (270 p.)
|d 21 cm
|
| 330 |
|
|
|a De noob à guerrier suprême, Minus est de retour pour de nouvelles aventures ! Partis de leur village en quête d'une forge de l'éternité, Minus et Alizée ne s'attendaient pas à croiser en chemin leurs anciens camarades de classe... eux aussi envoyés par le maire pour réaliser d'étranges missions. Car en réalité, l'heure est grave : Celui Sans Yeux semble réunir ses troupes pour passer à l'attaque. Pour Minus et ses amis, il est temps d'organiser la riposte, et de prouver que les villageois sont bel et bien devenus des guerriers.
|
| 461 |
|
0 |
|t Journal d'un noob
|v 6
|
| 700 |
|
0 |
|a Cube Kid
|c Auteur du texte
|f 1982?-....
|4 70
|
| 900 |
|
|
|a Roman enfant
|
| 901 |
|
|
|a Accessible au prêt
|
| 995 |
|
|
|a Bibliothèque
|c Bibliothèque
|f 024018876
|h 024018876
|k E CUB
|o p
|q j
|r az
|e Bibliothèque
|